Top 12 Philadelphia 76ers Players - Statistics

General Stats
  • This quiz has been taken 484 times
    266 since last reset
  • The average score is 7 of 12
Answer Stats
Rank Player Win Share % Correct
6 Allen Iverson 79.7
96%
8 Joel Embiid 69.0
96%
2 Julius Erving 106.2
89%
7 Wilt Chamberlain 71.2
81%
3 Charles Barkley 106.1
69%
4 Hal Greer 102.7
61%
1 Dolph Schayes 142.4
54%
5 Maurice Cheeks 87.7
53%
9 Billy Cunningham 63.2
42%
10 Andre Iguodala 61.2
38%
12 Red Kerr 58.7
10%
11 Larry Costello 59.1
6%
No matching quizzes found
Score Distribution
Percent of People with Each Score
Percentile by Number Answered
Your Score History
You have not taken this quiz since the last reset